000 00893nam a22002651u 4500
001 06191
003 HDC
007 cr bn ---
008 210123p xx fo d 00 engg
040 _aHDC
100 _aYAAKOB B. CHE MAN
_92562
245 0 _aRECENT DEVELOPMENT IN HALAL FOOD ANALYSIS /
_cby YAAKOB B. CHE MAN
260 _a[No place] :
_b[publisher not identified],
_c2006
300 _a60 pages :
_bIllustrations
336 _atext
_2rdacontent
337 _acomputer
_2rdamedia
338 _aonline resource
_2rdacarrier
650 _aHalal Food Analysis
_96511
650 _aHalal industry
_9144
650 _aIslamic Countries
_91807
856 _zRequest full-text at [email protected]
942 _2lcc
942 _cSLIDE
942 _kSLID 000709
999 _c3515
_d3515